| 000 | 00573nam a22001697a 4500 | ||
|---|---|---|---|
| 008 | 230630b |||||||| |||| 00| 0 eng d | ||
| 040 |
_aNational Science Library _cNational Science Library |
||
| 080 |
_a929:62 _bN5 |
||
| 100 | _aJuneja, Manohar | ||
| 245 |
_aभारत के महान इंजीनियर: _bडॉ। विश्वेश्वरैया |
||
| 246 |
_aBhart ke mahan engineer: _bDR. Vishveshvraiy |
||
| 260 |
_aNew Delhi: _bShiksha Bharti, _c1995 |
||
| 300 | _a34p. | ||
| 650 | _aLiterature | ||
| 653 | _aStory | ||
| 942 |
_2udc _cHBK |
||
| 999 |
_c48624 _d48624 |
||